Southville International School and Colleges
Your cart is empty.
  • Cart
  • Lists
    Public lists list_1 View all
    Your lists Log in to create your own lists
  • Log in to your account
  • Your cookies
  • Search history
Southville International School and Colleges
  • Advanced search
  • Recent comments
  • Most popular
  • Libraries

Log in to your account

Log in with GOOGLE


If you do not have an external account, but do have a local account, you can still log in:

  1. Home
  2. MARC view: Breaking through chemistry /
Normal view MARC view ISBD view

Breaking through chemistry / (Record no. 25732)

[ view plain ]
MARC details
000 -LEADER
fixed length control field 00561nam a22001937a 4500
003 - CONTROL NUMBER IDENTIFIER
control field OSt
005 - DATE AND TIME OF LATEST TRANSACTION
control field 20140414133539.0
008 - FIXED-LENGTH DATA ELEMENTS--GENERAL INFORMATION
fixed length control field 130627t xxu||||| |||| 00| 0 eng d
020 ## - INTERNATIONAL STANDARD BOOK NUMBER
International Standard Book Number 9715845010
050 ## - LIBRARY OF CONGRESS CALL NUMBER
Classification number QD 33.2
Item number .B149 2006
100 ## - MAIN ENTRY--PERSONAL NAME
Personal name Baguio, Saranay M.
245 ## - TITLE STATEMENT
Title Breaking through chemistry /
Statement of responsibility, etc Saranay M. Baguio and Rose Mary B. Butaran.
260 ## - PUBLICATION, DISTRIBUTION, ETC. (IMPRINT)
Place of publication, distribution, etc Quezon City :
Name of publisher, distributor, etc C & E Publishing,
Date of publication, distribution, etc 2006.
300 x# - PHYSICAL DESCRIPTION
Extent xiii, 562 p. ;
Dimensions 26 cm.
Other physical details ill. ;
650 ## - SUBJECT ADDED ENTRY--TOPICAL TERM
Topical term or geographic name as entry element Chemistry
700 ## - ADDED ENTRY--PERSONAL NAME
Personal name Butaran, Rose Mary B.
942 ## - ADDED ENTRY ELEMENTS (KOHA)
Source of classification or shelving scheme Library of Congress Classification
Koha item type Books
Holdings
Withdrawn status Lost status Source of classification or shelving scheme Damaged status Home library Current library Shelving location Date acquired Total Checkouts Full call number Barcode Date last seen Copy number Price effective from Koha item type
    Library of Congress Classification   Luxembourg Library Luxembourg Library Filipiniana Section 12/02/2013   QD 33.2 .B149 2006 7992 02/01/2016 1 12/02/2013 Books

Breaking through chemistry /

APA

Baguio S. M., Butaran R. M. B., . (2006). Breaking through chemistry. Quezon City: C & E Publishing.

Chicago

Baguio Saranay M, Butaran Rose Mary B, . 2006. Breaking through chemistry. Quezon City: C & E Publishing.

Harvard

Baguio S. M., Butaran R. M. B., . (2006). Breaking through chemistry. Quezon City: C & E Publishing.

MLA

Baguio Saranay M, Butaran Rose Mary B, . Breaking through chemistry. Quezon City: C & E Publishing. 2006.

  • Place hold
  • Print
  • Cite
  • Add to your cart (remove)
  • Save record
    BIBTEX Dublin Core MARCXML MARC (non-Unicode/MARC-8) MARC (Unicode/UTF-8) MARC (Unicode/UTF-8, Standard) MODS (XML) RIS
  • More searches
    Search for this title in:
    Other Libraries (WorldCat) Other Databases (Google Scholar) Online Stores (Bookfinder.com) Open Library (openlibrary.org)

Exporting to Dublin Core...

SOUTHVILLE LIBRARY

Southville International School and Colleges Library

1281 Tropical Ave. Cor. Luxembourg St., BF Homes International, Las Pinas City

Tel. No. 8256374 / 252358 Loc. 117/146

Powered by Koha